| Tag |
First Indicator |
Second Indicator |
Subfields |
| LEADER |
00000cam a2200000 i 4500 |
| 001 |
in00004171913 |
| 008 |
171025t20192019onc 000 j eng |
| 005 |
20250318213230.1 |
| 020 |
|
|
|a 1770865144
|q (paperback)
|
| 020 |
|
|
|a 9781770865143
|
| 035 |
|
|
|a (OCoLC)1007311546
|
| 035 |
|
|
|a (OCoLC)on1007311546
|
| 040 |
|
|
|a NLC
|b eng
|e rda
|c YDX
|d TOH
|d NLC
|d BDX
|d OCLCO
|d YDX
|d OCLCF
|d UAB
|d UtOrBLW
|
| 050 |
|
4 |
|a PR9199.4.B3864
|b A6 2019
|
| 055 |
|
0 |
|a PS8603.A897
|b A6 2019
|
| 082 |
0 |
|
|a FICTION BAU
|
| 082 |
0 |
4 |
|a 813/.6
|2 23
|
| 084 |
|
|
|a cci1icc
|2 lacc
|
| 084 |
|
|
|a coll13
|2 lacc
|
| 100 |
1 |
|
|a Baudot, Laure,
|e author.
|0 http://id.loc.gov/authorities/names/no2019107973
|
| 240 |
1 |
0 |
|a Short stories.
|k Selections
|
| 245 |
1 |
0 |
|a This one because of the dead :
|b stories /
|c by Laure Baudot.
|
| 246 |
3 |
|
|a This 1 because of the dead
|
| 250 |
|
|
|a First edition.
|
| 264 |
|
1 |
|a Toronto, ON :
|b Cormorant Books,
|c [2019]
|
| 264 |
|
4 |
|c ©2019
|
| 300 |
|
|
|a 224 pages ;
|c 20 cm
|
| 336 |
|
|
|a text
|b txt
|2 rdacontent
|
| 337 |
|
|
|a unmediated
|b n
|2 rdamedia
|
| 338 |
|
|
|a volume
|b nc
|2 rdacarrier
|
| 500 |
|
|
|a Short stories.
|
| 530 |
|
|
|a Issued also in electronic format.
|
| 650 |
|
0 |
|a Short stories, Canadian
|y 21st century.
|
| 650 |
|
0 |
|a Short stories.
|0 http://id.loc.gov/authorities/subjects/sh85121813
|
| 650 |
|
7 |
|a Short stories.
|2 fast
|0 (OCoLC)fst01117043
|
| 655 |
|
7 |
|a Short stories.
|2 fast
|0 (OCoLC)fst01726740
|
| 655 |
|
7 |
|a Short stories.
|2 lcgft
|0 http://id.loc.gov/authorities/genreForms/gf2014026542
|
| 776 |
0 |
8 |
|i Online version:
|a Baudot, Laure.
|s Short stories. Selections.
|t This one because of the dead.
|d Toronto : Cormorant Books, 2019
|z 1770865152
|z 9781770865150
|w (OCoLC)1035264166
|
| 776 |
1 |
|
|a Baudot, Laure.
|s Short stories. Selections
|t This one because of the dead./
|d Toronto : Cormorant Books, 2018.
|w (CaOONL)20189000252
|
| 852 |
8 |
|
|b pda,print
|z This title is available for the library to purchase for your use. Click the "Purchase It For Me" button to place a request. This item may take 5-10 business days to arrive.
|
| 955 |
|
|
|a Print PDA title
|
| 999 |
f |
f |
|s 093aeb65-2d6a-4769-8b72-431a0924a811
|i db8214fc-476e-3b21-b59a-f334ed959a10
|t 0
|
| 952 |
f |
f |
|a Texas A&M University
|b College Station
|c Sterling C. Evans Library
|d Purchase on Demand
|t 0
|e PR9199.4.B3864 A6 2019
|h Library of Congress classification
|
| 998 |
f |
f |
|a PR9199.4.B3864 A6 2019
|t 0
|l Purchase on Demand
|